Science Quiz

Random Science or Numbers Quiz

Cryotherapy Contraindications Quiz Stats

 Plays Quiz not verified by Sporcle

Support Sporcle.
Go Orange.
Score 0/6 Timer 05:00
0 Plays Today
Number Contraindication % Correct
2PVD
100%
1Impaired circulation
95.2%
6Infection
95.2%
3Hypersensitivity to cold
76.2%
4Skin anesthesia
61.9%
5Open wound or skin conditions
47.6%

You're not logged in!

Compare scores with friends on all Sporcle quizzes.
OR
Log In

From the Vault

Missing Movie Occupations

by Puzzgal

These movie titles even know how to hold down a job.
Remove Ads.
Support Sporcle.
Get the best of Sporcle when you Go Orange. This ad-free experience offers more features, more stats, and more fun while also helping to support Sporcle. Thank you for becoming a member.

Show Comments

Extras

Created Feb 25, 2011ReportNominate
Tags:Numbers Quiz

Top Quizzes Today


Score Distribution

Your Account Isn't Verified!

In order to create a playlist on Sporcle, you need to verify the email address you used during registration. Go to your Sporcle Settings to finish the process.

Report this User

Report this user for behavior that violates our Community Guidelines.

Details: